LEADER 01548nam a2200277 u 4500 001 000000039566 003 CaOOAMICUS 005 20070226114014.0 008 980515s1988 it u000 u ita u 020 $a8814017204 035 $a10794832 040 $aPUL(R)$bita 111 2 $aConvegno internazioanle Il diritto di sciopero, pubblico servizio, pubblica amministrazione$d(1988 :$cRoma).$0(OLS)http://pul/name/29414 245 13$aIl diritto di sciopero, pubblico servizio, pubblica amministrazione :$batti del convegno internazionale organizzazto dal CIRMES in collaborazione con la facoltà di scienze politiche della LUISS. 260 $aMilano :$bGiuffrè,$c1988. 300 $ax, 219 p. ;$c25 cm 490 1 $aLuiss. Libera università internazionale degli studi sociali, Roma. Collana di studi giuridici ;$v8 650 4$aSciopero.$0(OLS)http://pul/subject/18209 830 0$aCollana di studi giuridici (LUISS) ;$v8.$0(OLS)http://pul/title/52794 850 $aPUL 852 $aPUL$W1$xSL Diritto e Scienze Sociali 1$y4$m176 D 70$j53833$nBK-PRI$b $qStampati$B53833$CPULBib$Z2$F53833 $H $81 941 1 $a8 961 $aINV: 61734 996 $6020$a8814017204$9(OLS)http://pul/number/49244 996 $6245$aIl diritto di sciopero, pubblico servizio, pubblica amministrazione :$batti del convegno internazionale organizzazto dal CIRMES in collaborazione con la facoltà di scienze politiche della LUISS$9(OLS)http://pul/title/53552 996 $6260$aMilano :$bGiuffrè$9(OLS)http://pul/publisher/48401 LEADER 01247nam a2200277 a 4500 001 000000122748 003 CaOOAMICUS 005 20100825145208.0 008 100825t2010 it u000 u ita r 040 $aPUL$bita$dReb 041 1 $aita$aeng 082 04$a338 110 2 $aCentro Studi Tocqueville-Acton.$0(OLS)http://pul/name/77115 245 13$aLe regole della libertà :$bstudi sull'economia sociale di mercato nelle democrazie contemporanee. 260 $aMilano :$bCentro Studi Tocqueville-Acton,$c©2010. 300 $a221 p. ;$c21 cm. 500 $aSul front.: Annale 2010. 504 $aInclude riferimenti bibliografici ed indice. 546 $aContributi in lingua italiana e inglese. 650 4$aEconomia sociale.$0(OLS)http://pul/subject/10942 850 $aPUL 852 $aPUL$W1$xSL Diritto e Scienze Sociali 3$y79$m338 CETTA 1$j140981$qDDC 21$B140061$CPULBib$Z2$F140061 $H114701 $82 941 1 $a9 996 $6082$a338$9(OLS)http://pul/classification/647 996 $6245$aLe regole della libertà :$bstudi sull'economia sociale di mercato nelle democrazie contemporanee$9(OLS)http://pul/title/154719 996 $6260$aMilano :$bCentro Studi Tocqueville-Acton$9(OLS)http://pul/publisher/81375